All Top 10 Table Tennis Players Since 2001 - Statistics

General Stats
  • This quiz has been taken 1,082 times
    84 since last reset
  • The average score is 21 of 60
Answer Stats
Country Player % Correct
๐Ÿ‡จ๐Ÿ‡ณ Ma Long
90%
๐Ÿ‡จ๐Ÿ‡ณ Ma Lin
83%
๐Ÿ‡ซ๐Ÿ‡ท Alexis Lebrun
79%
๐Ÿ‡ซ๐Ÿ‡ท Felix Lebrun
79%
๐Ÿ‡จ๐Ÿ‡ณ Fan Zhendong
75%
๐Ÿ‡ฉ๐Ÿ‡ช Timo Boll
75%
๐Ÿ‡จ๐Ÿ‡ณ Wang Chuqin
73%
๐Ÿ‡ธ๐Ÿ‡ช Truls Moregard
71%
๐Ÿ‡ฏ๐Ÿ‡ต Tomokazu Harimoto
70%
๐Ÿ‡ง๐Ÿ‡ท Hugo Calderano
60%
๐Ÿ‡ฉ๐Ÿ‡ช Dimitrij Ovtcharov
59%
๐Ÿ‡จ๐Ÿ‡ณ Xu Xin
59%
๐Ÿ‡จ๐Ÿ‡ณ Lin Shidong
57%
๐Ÿ‡จ๐Ÿ‡ณ Zhang Jike
57%
๐Ÿ‡น๐Ÿ‡ผ Lin Yun-Ju
52%
๐Ÿ‡ซ๐Ÿ‡ท Simon Gauzy
52%
๐Ÿ‡ณ๐Ÿ‡ฌ Quadri Aruna
51%
๐Ÿ‡จ๐Ÿ‡ณ Fang Bo
49%
๐Ÿ‡ฏ๐Ÿ‡ต Sora Matsushima
46%
๐Ÿ‡ฉ๐Ÿ‡ช Dang Qiu
44%
๐Ÿ‡จ๐Ÿ‡ณ Wang Hao
44%
๐Ÿ‡ธ๐Ÿ‡ช Jan-Ove Waldner
43%
๐Ÿ‡จ๐Ÿ‡ณ Liang Jingkun
41%
๐Ÿ‡จ๐Ÿ‡ณ Chen Qi
37%
๐Ÿ‡ฉ๐Ÿ‡ช Patrick Franziska
35%
๐Ÿ‡ง๐Ÿ‡พ Vladimir Samsonov
35%
๐Ÿ‡จ๐Ÿ‡ณ Xiang Peng
35%
๐Ÿ‡จ๐Ÿ‡ณ Yan An
33%
๐Ÿ‡จ๐Ÿ‡ณ Wang Liqin
32%
๐Ÿ‡ฉ๐Ÿ‡ช Benedikt Duda
30%
๐Ÿ‡ฐ๐Ÿ‡ท Jang Woojin
30%
๐Ÿ‡ฏ๐Ÿ‡ต Koki Niwa
29%
๐Ÿ‡จ๐Ÿ‡ณ Lin Gaoyuan
27%
๐Ÿ‡ฆ๐Ÿ‡น Werner Schlager
25%
๐Ÿ‡ญ๐Ÿ‡ฐ Wong Chun Ting
25%
๐Ÿ‡ฏ๐Ÿ‡ต Jun Mizutani
24%
๐Ÿ‡ต๐Ÿ‡น Marcos Freitas
24%
๐Ÿ‡ธ๐Ÿ‡ฎ Darko Jorgic
22%
๐Ÿ‡ธ๐Ÿ‡ช Mattias Falck
22%
๐Ÿ‡ฐ๐Ÿ‡ท Joo Saehyuk
21%
๐Ÿ‡ฐ๐Ÿ‡ท Ryu Seungmin
21%
๐Ÿ‡น๐Ÿ‡ผ Chuang Chih-Yuan
16%
๐Ÿ‡ฐ๐Ÿ‡ท Lee Sangsu
16%
๐Ÿ‡จ๐Ÿ‡ณ Liu Guoliang
16%
๐Ÿ‡ง๐Ÿ‡ช Jean-Michel Saive
14%
๐Ÿ‡จ๐Ÿ‡ณ Kong Linghui
14%
๐Ÿ‡ฉ๐Ÿ‡ฐ Michael Maze
14%
๐Ÿ‡ฌ๐Ÿ‡ท Kalinikos Kreanga
10%
๐Ÿ‡ฏ๐Ÿ‡ต Kenta Matsudaira
10%
๐Ÿ‡ญ๐Ÿ‡ท Zoran Primorac
10%
๐Ÿ‡จ๐Ÿ‡ณ Hao Shuai
8%
๐Ÿ‡ฐ๐Ÿ‡ท Jeoung Youngsik
6%
๐Ÿ‡ฆ๐Ÿ‡น Chen Weixing
5%
๐Ÿ‡ธ๐Ÿ‡ฌ Gao Ning
5%
๐Ÿ‡ฐ๐Ÿ‡ท Oh Sangeun
5%
๐Ÿ‡จ๐Ÿ‡ณ Hou Yingchao
3%
๐Ÿ‡ฐ๐Ÿ‡ท Kim Taeksoo
3%
๐Ÿ‡น๐Ÿ‡ผ Chiang Peng-Lung
0%
๐Ÿ‡ญ๐Ÿ‡ฐ Li Ching
0%
๐Ÿ‡จ๐Ÿ‡ณ Liu Guozheng
0%
No matching quizzes found
Score Distribution
Percent of People with Each Score
Percentile by Number Answered
Your Score History
You have not taken this quiz since the last reset